000 00534nam a2200157 a 4500
008 120416s1977 ||||||||||||||||| || u
050 _aHD 7293.A7 Sal
100 _aSaltman, Juliet
245 1 0 _aOpen housing
246 _adynamics of a social movement
260 _aLondon
_bPraeger
_c1977
350 _a0.00
650 _aHOUSING--SOCIAL ASPECTS
650 _aHOUSING
995 _D0.00
_FCBU-MAIN LIBRARY (Kitwe)
_H1
_I0.00
_M1
_UAVAILABLE
_ZMain Library Open Access Collection
999 _c52626
_d52626